000 01623nam0a2200349 i 4500
001 RU\NLR\BIBL_A\010776186
005 20240921104306.0
010 _a9785971020929
021 _aRU
_b2015-32194
_91909
035 _a(NILC)RuMoRGB-007921000
035 _a(NLR Aleph) 010776186
090 _a10044538
_c10044538
100 _a20150605d2015 km y0rusy50 ca
101 0 _arus
102 _aRU
105 _aac||z|||000yc
200 1 _aВеликие полководцы мира
_eв биографиях и анекдотах с портретами
_fМ. Г. Кривошлык
205 _aИзд. 4-е
210 _aМосква
_cЛЕНАНД
_d2015
215 _a163, [1] с.
_cил., портр.
_d21
225 1 _aБиографии выдающихся личностей
_iУченые шутят
300 _aНа обл. сер.: Биографии выдающихся личностей. Полководцы шутят
327 1 _aСодерж.: полководцы: Александр Македонский, Ганнибал, Помпей, Юлий Цезарь, Велизарий, Карл Великий, Валленштейн, Густав II Адольф, Тюренн, Евгений Савойский [и др.]
606 1 _aПолководцы
_jБиографии
_91980081
_3RU\NLR\AUTH\661194377
686 1 _aЦ4,5(0)243.1д
686 1 _aТ3(0)0-8
700 1 _aКривошлык
_bМ.Г.
_f1864-
_gМихаил Григорьевич
801 0 _aRU
_bРГБ
_c20150428
_gRCR
942 _cBOOK
980 _aNBR